00389cam a22001452 4500001001100000005001700011008004100028040001500069050002400084110004300108245001200151260003700163300001100200650003200211000000310320151217155819.0070427s xx 000 0 eng d aKABUcKABU 0aHJ4789.5b.K46 19632 aKenya.bFiscal Commission.@000015274210aReport. aNairobi :bGovt. Printer,c1963. a125 p. 0aRevenuezKenya.@0000152743